Tunnista maalaus - Statistics

Yleistilastot
  • Tätä visaa on pelattu 86 kertaa
    72 viimeisimmän päivityksen jälkeen
  • Keskiarvotulos 4 / 6
Vastaustilastot
Kuvavisa Vastaus % Oikein
mona lisa
100%
huuto
92%
taistelevat metsot
77%
lemminkäisen äiti
47%
tähtikirkas yö
26%
sammon puolustus
13%
Ehtoja vastaavia visoja ei löytynyt
Tulosjakauma
Jokaisen tuloksen saaneiden osuus
Persentiili vastausten määrän mukaan
Tuloshistoriasi
Et ole pelannut tätä visaa sen viimeisimmän päivityksen jälkeen